<?xml version="1.0" encoding="UTF-8"?>
<collection xmlns="http://www.loc.gov/MARC21/slim">
 <record>
  <leader>06026cam a2200949 c 4500</leader>
  <controlfield tag="001">786218592</controlfield>
  <controlfield tag="003">DE-627</controlfield>
  <controlfield tag="005">20250224112706.0</controlfield>
  <controlfield tag="007">tu</controlfield>
  <controlfield tag="008">140521s2014    gw |||||      00| ||ger c</controlfield>
  <datafield tag="015" ind1=" " ind2=" ">
   <subfield code="a">14,N21</subfield>
   <subfield code="2">dnb</subfield>
  </datafield>
  <datafield tag="016" ind1="7" ind2=" ">
   <subfield code="a">1050944623</subfield>
   <subfield code="2">DE-101</subfield>
  </datafield>
  <datafield tag="020" ind1=" " ind2=" ">
   <subfield code="a">9783412223618</subfield>
   <subfield code="c">Gb. : ca. EUR 29.90 (DE), ca. EUR 30.80 (AT), ca. sfr 40.90 (freier Pr.)</subfield>
   <subfield code="9">978-3-412-22361-8</subfield>
  </datafield>
  <datafield tag="020" ind1=" " ind2=" ">
   <subfield code="a">3412223611</subfield>
   <subfield code="9">3-412-22361-1</subfield>
  </datafield>
  <datafield tag="024" ind1="3" ind2=" ">
   <subfield code="a">9783412223618</subfield>
  </datafield>
  <datafield tag="035" ind1=" " ind2=" ">
   <subfield code="a">(DE-627)786218592</subfield>
  </datafield>
  <datafield tag="035" ind1=" " ind2=" ">
   <subfield code="a">(DE-576)410429597</subfield>
  </datafield>
  <datafield tag="035" ind1=" " ind2=" ">
   <subfield code="a">(DE-599)DNB1050944623</subfield>
  </datafield>
  <datafield tag="035" ind1=" " ind2=" ">
   <subfield code="a">(OCoLC)892614184</subfield>
  </datafield>
  <datafield tag="035" ind1=" " ind2=" ">
   <subfield code="a">(OCoLC)880393355</subfield>
  </datafield>
  <datafield tag="040" ind1=" " ind2=" ">
   <subfield code="a">DE-627</subfield>
   <subfield code="b">ger</subfield>
   <subfield code="c">DE-627</subfield>
   <subfield code="e">rakwb</subfield>
  </datafield>
  <datafield tag="041" ind1=" " ind2=" ">
   <subfield code="a">ger</subfield>
  </datafield>
  <datafield tag="044" ind1=" " ind2=" ">
   <subfield code="c">XA-DE-NW</subfield>
   <subfield code="c">XA-AT</subfield>
  </datafield>
  <datafield tag="082" ind1="0" ind2=" ">
   <subfield code="a">069.094315509041</subfield>
   <subfield code="2">22/ger</subfield>
  </datafield>
  <datafield tag="082" ind1="0" ind2="4">
   <subfield code="a">060</subfield>
   <subfield code="q">DNB</subfield>
  </datafield>
  <datafield tag="082" ind1="0" ind2="4">
   <subfield code="a">700</subfield>
  </datafield>
  <datafield tag="084" ind1=" " ind2=" ">
   <subfield code="a">9,10</subfield>
   <subfield code="2">ssgn</subfield>
  </datafield>
  <datafield tag="084" ind1=" " ind2=" ">
   <subfield code="a">LH 30790</subfield>
   <subfield code="2">rvk</subfield>
   <subfield code="0">(DE-625)rvk/92989:</subfield>
  </datafield>
  <datafield tag="084" ind1=" " ind2=" ">
   <subfield code="a">AK 84202</subfield>
   <subfield code="q">BVB</subfield>
   <subfield code="2">rvk</subfield>
   <subfield code="0">(DE-625)rvk/2704:1674</subfield>
  </datafield>
  <datafield tag="084" ind1=" " ind2=" ">
   <subfield code="a">NP 4425</subfield>
   <subfield code="q">BVB</subfield>
   <subfield code="2">rvk</subfield>
   <subfield code="0">(DE-625)rvk/127823:</subfield>
  </datafield>
  <datafield tag="084" ind1=" " ind2=" ">
   <subfield code="a">NP 4469</subfield>
   <subfield code="q">BVB</subfield>
   <subfield code="2">rvk</subfield>
   <subfield code="0">(DE-625)rvk/127836:</subfield>
  </datafield>
  <datafield tag="084" ind1=" " ind2=" ">
   <subfield code="a">NR 6910</subfield>
   <subfield code="q">BVB</subfield>
   <subfield code="2">rvk</subfield>
   <subfield code="0">(DE-625)rvk/129679:</subfield>
  </datafield>
  <datafield tag="084" ind1=" " ind2=" ">
   <subfield code="a">LH 29960</subfield>
   <subfield code="2">rvk</subfield>
   <subfield code="0">(DE-625)rvk/92951:</subfield>
  </datafield>
  <datafield tag="084" ind1=" " ind2=" ">
   <subfield code="a">02.30</subfield>
   <subfield code="2">bkl</subfield>
  </datafield>
  <datafield tag="084" ind1=" " ind2=" ">
   <subfield code="a">20.00</subfield>
   <subfield code="2">bkl</subfield>
  </datafield>
  <datafield tag="084" ind1=" " ind2=" ">
   <subfield code="a">15.43</subfield>
   <subfield code="2">bkl</subfield>
  </datafield>
  <datafield tag="084" ind1=" " ind2=" ">
   <subfield code="a">15.23</subfield>
   <subfield code="2">bkl</subfield>
  </datafield>
  <datafield tag="090" ind1=" " ind2=" ">
   <subfield code="a">a</subfield>
  </datafield>
  <datafield tag="245" ind1="0" ind2="0">
   <subfield code="a">Zum Kriegsdienst einberufen</subfield>
   <subfield code="b">die Königlichen Museen zu Berlin und der Erste Weltkrieg</subfield>
   <subfield code="c">für das Zentralarchiv - Staatliche Museen zu Berlin herausgegeben von Petra Winter und Jörn Grabowski</subfield>
  </datafield>
  <datafield tag="246" ind1="3" ind2="0">
   <subfield code="a">1.</subfield>
  </datafield>
  <datafield tag="264" ind1=" " ind2="1">
   <subfield code="a">Köln</subfield>
   <subfield code="a">Weimar</subfield>
   <subfield code="a">Wien</subfield>
   <subfield code="b">Böhlau</subfield>
   <subfield code="c">2014</subfield>
  </datafield>
  <datafield tag="300" ind1=" " ind2=" ">
   <subfield code="a">228 S.</subfield>
   <subfield code="b">Ill.</subfield>
   <subfield code="c">24 cm</subfield>
  </datafield>
  <datafield tag="336" ind1=" " ind2=" ">
   <subfield code="a">Text</subfield>
   <subfield code="b">txt</subfield>
   <subfield code="2">rdacontent</subfield>
  </datafield>
  <datafield tag="337" ind1=" " ind2=" ">
   <subfield code="a">ohne Hilfsmittel zu benutzen</subfield>
   <subfield code="b">n</subfield>
   <subfield code="2">rdamedia</subfield>
  </datafield>
  <datafield tag="338" ind1=" " ind2=" ">
   <subfield code="a">Band</subfield>
   <subfield code="b">nc</subfield>
   <subfield code="2">rdacarrier</subfield>
  </datafield>
  <datafield tag="490" ind1="1" ind2=" ">
   <subfield code="a">Schriften zur Geschichte der Berliner Museen</subfield>
   <subfield code="v">Band 3</subfield>
  </datafield>
  <datafield tag="505" ind1="8" ind2=" ">
   <subfield code="a">Literaturverz. S. [210] - 219</subfield>
  </datafield>
  <datafield tag="583" ind1="1" ind2=" ">
   <subfield code="a">Archivierung/Langzeitarchivierung gewährleistet</subfield>
   <subfield code="f">SLG</subfield>
   <subfield code="x">XA-DE-BW</subfield>
   <subfield code="z">BfZ</subfield>
   <subfield code="2">pdager</subfield>
   <subfield code="5">DE-24</subfield>
  </datafield>
  <datafield tag="583" ind1="1" ind2=" ">
   <subfield code="a">Archivierung/Langzeitarchivierung gewährleistet</subfield>
   <subfield code="f">SSG</subfield>
   <subfield code="x">XA-DE-BW</subfield>
   <subfield code="2">pdager</subfield>
   <subfield code="5">DE-16</subfield>
  </datafield>
  <datafield tag="655" ind1=" " ind2="7">
   <subfield code="a">Aufsatzsammlung</subfield>
   <subfield code="0">(DE-588)4143413-4</subfield>
   <subfield code="0">(DE-627)105605727</subfield>
   <subfield code="0">(DE-576)209726091</subfield>
   <subfield code="2">gnd-content</subfield>
  </datafield>
  <datafield tag="689" ind1="0" ind2="0">
   <subfield code="d">b</subfield>
   <subfield code="0">(DE-588)2015909-2</subfield>
   <subfield code="0">(DE-627)101882467</subfield>
   <subfield code="0">(DE-576)191698539</subfield>
   <subfield code="a">Königliche Museen zu Berlin</subfield>
   <subfield code="2">gnd</subfield>
  </datafield>
  <datafield tag="689" ind1="0" ind2="1">
   <subfield code="d">s</subfield>
   <subfield code="0">(DE-588)4079163-4</subfield>
   <subfield code="0">(DE-627)106075438</subfield>
   <subfield code="0">(DE-576)209211164</subfield>
   <subfield code="a">Erster Weltkrieg</subfield>
   <subfield code="2">gnd</subfield>
  </datafield>
  <datafield tag="689" ind1="0" ind2=" ">
   <subfield code="5">DE-101</subfield>
  </datafield>
  <datafield tag="689" ind1="1" ind2="0">
   <subfield code="d">b</subfield>
   <subfield code="0">(DE-588)2015909-2</subfield>
   <subfield code="0">(DE-627)101882467</subfield>
   <subfield code="0">(DE-576)191698539</subfield>
   <subfield code="a">Königliche Museen zu Berlin</subfield>
   <subfield code="2">gnd</subfield>
  </datafield>
  <datafield tag="689" ind1="1" ind2="1">
   <subfield code="d">s</subfield>
   <subfield code="0">(DE-588)4079163-4</subfield>
   <subfield code="0">(DE-627)106075438</subfield>
   <subfield code="0">(DE-576)209211164</subfield>
   <subfield code="a">Erster Weltkrieg</subfield>
   <subfield code="2">gnd</subfield>
  </datafield>
  <datafield tag="689" ind1="1" ind2=" ">
   <subfield code="5">(DE-627)</subfield>
  </datafield>
  <datafield tag="700" ind1="1" ind2=" ">
   <subfield code="a">Winter, Petra</subfield>
   <subfield code="d">1972-</subfield>
   <subfield code="e">Hrsg.</subfield>
   <subfield code="0">(DE-588)13639566X</subfield>
   <subfield code="0">(DE-627)582073847</subfield>
   <subfield code="0">(DE-576)300998228</subfield>
   <subfield code="4">edt</subfield>
  </datafield>
  <datafield tag="700" ind1="1" ind2=" ">
   <subfield code="a">Grabowski, Jörn</subfield>
   <subfield code="d">1949-</subfield>
   <subfield code="0">(DE-588)1044385251</subfield>
   <subfield code="0">(DE-627)771937415</subfield>
   <subfield code="0">(DE-576)164398023</subfield>
   <subfield code="4">oth</subfield>
  </datafield>
  <datafield tag="710" ind1="2" ind2=" ">
   <subfield code="a">Staatliche Museen zu Berlin</subfield>
   <subfield code="b">Zentralarchiv</subfield>
   <subfield code="0">(DE-588)2153270-9</subfield>
   <subfield code="0">(DE-627)191785458</subfield>
   <subfield code="0">(DE-576)195650514</subfield>
   <subfield code="4">oth</subfield>
  </datafield>
  <datafield tag="787" ind1="0" ind2="8">
   <subfield code="i">Rezensiert in</subfield>
   <subfield code="a">Aslangul-Rallo, Claire, 1973 - </subfield>
   <subfield code="t">[Rezension von: Jörn Grabowski (Hrsg.), Zum Kriegsdienst einberufen. Die Königlichen Museen zu Berlin und der Erste Weltkrieg]</subfield>
   <subfield code="d">2017</subfield>
   <subfield code="w">(DE-627)1814253297</subfield>
  </datafield>
  <datafield tag="830" ind1=" " ind2="0">
   <subfield code="a">Schriften zur Geschichte der Berliner Museen</subfield>
   <subfield code="v">Band 3</subfield>
   <subfield code="9">3</subfield>
   <subfield code="w">(DE-627)680279296</subfield>
   <subfield code="w">(DE-576)355943115</subfield>
   <subfield code="w">(DE-600)2643480-5</subfield>
   <subfield code="x">2750-7629</subfield>
   <subfield code="7">am</subfield>
  </datafield>
  <datafield tag="856" ind1="4" ind2="2">
   <subfield code="u">http://deposit.dnb.de/cgi-bin/dokserv?id=4663887&amp;prov=M&amp;dok_var=1&amp;dok_ext=htm</subfield>
   <subfield code="m">X: MVB</subfield>
   <subfield code="q">text/html</subfield>
   <subfield code="v">2014-05-21</subfield>
   <subfield code="x">Verlag</subfield>
   <subfield code="3">Inhaltstext</subfield>
  </datafield>
  <datafield tag="856" ind1="4" ind2="2">
   <subfield code="u">https://www.gbv.de/dms/art-berlin/786218592.pdf</subfield>
   <subfield code="m">V:DE-601</subfield>
   <subfield code="m">B:DE-B11</subfield>
   <subfield code="q">pdf/application</subfield>
   <subfield code="v">2019-10-12</subfield>
   <subfield code="y">Inhaltsverzeichnis</subfield>
   <subfield code="3">Inhaltsverzeichnis</subfield>
  </datafield>
  <datafield tag="935" ind1=" " ind2=" ">
   <subfield code="i">sf</subfield>
  </datafield>
  <datafield tag="935" ind1=" " ind2=" ">
   <subfield code="i">Blocktest</subfield>
  </datafield>
  <datafield tag="936" ind1="r" ind2="v">
   <subfield code="a">LH 30790</subfield>
   <subfield code="b">Berlin</subfield>
   <subfield code="k">Kunstgeschichte</subfield>
   <subfield code="k">Allgemeines. Allgemeine Kunstgeschichte</subfield>
   <subfield code="k">Museumskunde. Museumskataloge</subfield>
   <subfield code="k">Kataloge einzelner Museen; Schrifttum über einzelne Museen</subfield>
   <subfield code="k">Orte B</subfield>
   <subfield code="k">Berlin</subfield>
   <subfield code="0">(DE-627)1270638157</subfield>
   <subfield code="0">(DE-625)rvk/92989:</subfield>
   <subfield code="0">(DE-576)200638157</subfield>
  </datafield>
  <datafield tag="936" ind1="r" ind2="v">
   <subfield code="a">AK 84202</subfield>
   <subfield code="b">Preußen</subfield>
   <subfield code="k">Allgemeines</subfield>
   <subfield code="k">Museumswesen, Museologie, Museumswissenschaft</subfield>
   <subfield code="k">Biografie, Geschichte</subfield>
   <subfield code="k">Geschichte</subfield>
   <subfield code="k">Europa</subfield>
   <subfield code="k">Mitteleuropa</subfield>
   <subfield code="k">Deutschland</subfield>
   <subfield code="k">Preußen</subfield>
   <subfield code="0">(DE-627)1273200888</subfield>
   <subfield code="0">(DE-625)rvk/2704:1674</subfield>
   <subfield code="0">(DE-576)203200888</subfield>
  </datafield>
  <datafield tag="936" ind1="r" ind2="v">
   <subfield code="a">NP 4425</subfield>
   <subfield code="b">Einzelbeiträge</subfield>
   <subfield code="k">Geschichte</subfield>
   <subfield code="k">Von der Restauration bis zum Ende des Ersten Weltkrieges (1815 - 1918)</subfield>
   <subfield code="k">Zeit des Ersten Weltkriegs (1914 - 1918)</subfield>
   <subfield code="k">Allgemeines</subfield>
   <subfield code="k">Einzelbeiträge</subfield>
   <subfield code="0">(DE-627)127146943X</subfield>
   <subfield code="0">(DE-625)rvk/127823:</subfield>
   <subfield code="0">(DE-576)20146943X</subfield>
  </datafield>
  <datafield tag="936" ind1="r" ind2="v">
   <subfield code="a">NP 4469</subfield>
   <subfield code="b">Allgemeines</subfield>
   <subfield code="k">Geschichte</subfield>
   <subfield code="k">Von der Restauration bis zum Ende des Ersten Weltkrieges (1815 - 1918)</subfield>
   <subfield code="k">Zeit des Ersten Weltkriegs (1914 - 1918)</subfield>
   <subfield code="k">Geschichte des Ersten Weltkriegs</subfield>
   <subfield code="k">Geschichte der Mittelmächte (1914 - 1918)</subfield>
   <subfield code="k">Deutsches Reich (ohne Revolution)</subfield>
   <subfield code="k">Allgemeines</subfield>
   <subfield code="0">(DE-627)1271469529</subfield>
   <subfield code="0">(DE-625)rvk/127836:</subfield>
   <subfield code="0">(DE-576)201469529</subfield>
  </datafield>
  <datafield tag="936" ind1="r" ind2="v">
   <subfield code="a">NR 6910</subfield>
   <subfield code="b">Berlin (mit allen Eingemeindungen)</subfield>
   <subfield code="k">Geschichte</subfield>
   <subfield code="k">Landes- und Stadtgeschichte (Allgemeine, Deutsche und Österreichische Landes- und Stadtgeschichte, Ausländische Stadtgeschichte, Geschichte der Auslanddeutschen)</subfield>
   <subfield code="k">Deutsche Landesgeschichte im Einzelnen (einschl. ehemaliger deutscher Gebiete)</subfield>
   <subfield code="k">Brandenburg-Preußen, Staat Preußen</subfield>
   <subfield code="k">Stadtgeschichte</subfield>
   <subfield code="k">Einzelne Städte</subfield>
   <subfield code="k">Berlin (mit allen Eingemeindungen)</subfield>
   <subfield code="0">(DE-627)1270750909</subfield>
   <subfield code="0">(DE-625)rvk/129679:</subfield>
   <subfield code="0">(DE-576)200750909</subfield>
  </datafield>
  <datafield tag="936" ind1="r" ind2="v">
   <subfield code="a">LH 29960</subfield>
   <subfield code="b">Museumskunde, Museumsgeschichte (allgemein)</subfield>
   <subfield code="k">Kunstgeschichte</subfield>
   <subfield code="k">Allgemeines. Allgemeine Kunstgeschichte</subfield>
   <subfield code="k">Museumskunde. Museumskataloge</subfield>
   <subfield code="k">Museumskunde, Museumsgeschichte (allgemein)</subfield>
   <subfield code="0">(DE-627)1270644238</subfield>
   <subfield code="0">(DE-625)rvk/92951:</subfield>
   <subfield code="0">(DE-576)200644238</subfield>
  </datafield>
  <datafield tag="936" ind1="b" ind2="k">
   <subfield code="a">02.30</subfield>
   <subfield code="j">Museumskunde</subfield>
   <subfield code="0">(DE-627)106403192</subfield>
  </datafield>
  <datafield tag="936" ind1="b" ind2="k">
   <subfield code="a">20.00</subfield>
   <subfield code="j">Kunstwissenschaften: Allgemeines</subfield>
   <subfield code="0">(DE-627)106406493</subfield>
  </datafield>
  <datafield tag="936" ind1="b" ind2="k">
   <subfield code="a">15.43</subfield>
   <subfield code="j">Deutsche Geschichte des 19. Jahrhunderts bis zur Gegenwart</subfield>
   <subfield code="0">(DE-627)181569701</subfield>
  </datafield>
  <datafield tag="936" ind1="b" ind2="k">
   <subfield code="a">15.23</subfield>
   <subfield code="j">Erster Weltkrieg</subfield>
   <subfield code="0">(DE-627)181571536</subfield>
  </datafield>
  <datafield tag="951" ind1=" " ind2=" ">
   <subfield code="a">BO</subfield>
  </datafield>
  <datafield tag="990" ind1=" " ind2=" ">
   <subfield code="a">Königliche Museen zu Berlin</subfield>
  </datafield>
  <datafield tag="990" ind1=" " ind2=" ">
   <subfield code="a">Erster Weltkrieg</subfield>
  </datafield>
  <datafield tag="990" ind1=" " ind2=" ">
   <subfield code="a">Königliche Museen zu Berlin</subfield>
  </datafield>
  <datafield tag="990" ind1=" " ind2=" ">
   <subfield code="a">Erster Weltkrieg</subfield>
  </datafield>
  <datafield tag="991" ind1=" " ind2=" ">
   <subfield code="a">Rezensiertes Werk</subfield>
  </datafield>
  <datafield tag="999" ind1=" " ind2=" ">
   <subfield code="a">KXP-PPN786218592</subfield>
   <subfield code="e">4179775875</subfield>
  </datafield>
 </record>
</collection>
